000
00266nam a2200097Ia 4500
005
20250424112921.0
008
250424s9999 xx 000 0 und d
300
_a
xxxii. ,315 p. : ill. ; 28 cm.
650
_a
Investments, Foreign--Southwest--Directories.
942
_c
SR
999
_c
37867
_d
37867